| 000 | 00427nam a22001697a 4500 | ||
|---|---|---|---|
| 003 | NUST - PNEC | ||
| 005 | 20170116180837.0 | ||
| 008 | 150811b xxu||||| |||| 00| 0 eng d | ||
| 020 | _a9971514338 | ||
| 040 | _cLIBRARY | ||
| 082 | _a620.1 MER | ||
| 100 |
_95105 _aMeriam, J.L. |
||
| 245 |
_aEngineering mechanics dynamics Vol 2 _cJ.L. Meriam |
||
| 250 | _aFifth Edition | ||
| 650 |
_95109 _aDynamics _xME |
||
| 942 |
_2ddc _cBK |
||
| 999 |
_c64280 _d64280 |
||